Human resource management (Record no. 10128)

MARC details
000 -LEADER
fixed length control field 00492cam a2200193ua 4500
008 - FIXED-LENGTH DATA ELEMENTS--GENERAL INFORMATION
fixed length control field 190905n ii |||gr||||Z||||||eng
020 ## - INTERNATIONAL STANDARD BOOK NUMBER
International Standard Book Number 9789387472815
040 ## - CATALOGING SOURCE
Transcribing agency MAIN
041 ## - LANGUAGE CODE
-- eng
082 ## - DEWEY DECIMAL CLASSIFICATION NUMBER
Classification number 658.3
100 ## - MAIN ENTRY--PERSONAL NAME
Personal name Biswajeet Pattanayak,
Relator term
245 ## - TITLE STATEMENT
Title Human resource management
Statement of responsibility, etc. By Biswajeet Pattanayak
250 ## - EDITION STATEMENT
Edition statement 5th ed.
260 ## - PUBLICATION, DISTRIBUTION, ETC.
Place of publication, distribution, etc. Delhi:
Name of publisher, distributor, etc. PHI learning private limited,
Date of publication, distribution, etc. 2018.
300 ## - PHYSICAL DESCRIPTION
Extent 718p.
942 ## - ADDED ENTRY ELEMENTS (KOHA)
Koha item type Books
653 ## - INDEX TERM--UNCONTROLLED
Uncontrolled term General management
Holdings
Withdrawn status Lost status Damaged status Not for loan Home library Current library Shelving location Date acquired Total Checkouts Full call number Barcode Date last seen Copy number Price effective from Koha item type Date last checked out
        Central Library, Naharkatiya College Central Library, Naharkatiya College General Stacks 19/09/2020   658.3Human resource management | PAT 27586 19/09/2020 1 19/09/2020 Books  
        Central Library, Naharkatiya College Central Library, Naharkatiya College General Stacks 19/09/2020 1 658.3Human resource management | PAT 27587 02/11/2022 2 19/09/2020 Books 25/10/2022

Naharkatiya College © 2020. All rights reserved.

Powered By